Begins and Ends: Best Pictures Quiz Stats

 Plays Quiz Updated Sep 15, 2012

Challenge
Share
Tweet
Embed
Score 0/20 Timer 04:00
0 Plays Today
Clue Best Picture % Correct
M Y   F _ _ R   L _ _ YMy Fair Lady
98.4%
G _ _ E   W _ _ H   T _ E   W _ _ DGone with the Wind
94.8%
K _ _ _ _ R   V S   K _ _ _ _ RKramer vs. Kramer
86.9%
F _ _ _ _ _ T   G _ _ PForrest Gump
83.7%
O _ T   O F   A _ _ _ _ AOut of Africa
81.4%
A _ L   A _ _ _ T   E _ EAll About Eve
79.3%
D _ _ _ _ S   W _ _ H   W _ _ _ _ SDances With Wolves
72.6%
P _ _ _ _ _ NPlatoon
66.3%
S _ _ _ _ _ _ _ _ _ E   I N   L _ _ EShakespeare in Love
66%
C _ _ _ _ _ _ _ _ ACasablanca
63.5%
Clue Best Picture % Correct
C _ _ _ _ _ _ S   O F   F _ _ EChariots of Fire
63%
C _ _ _ HCrash
61.8%
L _ _ _ _ _ _ E   O F   A _ _ _ _ ALawrence of Arabia
59.4%
M _ _ _ _ Y   O N   T _ E   B _ _ _ _ YMutiny on the Bounty
57%
T _ E   K _ _ _ S   S _ _ _ _ HThe King's Speech
54%
M _ _ _ _ _ N   D _ _ _ _ R   B _ _ YMillion Dollar Baby
53.7%
S _ _ _ _ _ _ _ _ S   L _ _ TSchindler's List
52.2%
T _ _ _ _ _ CTitanic
45.5%
W _ _ _ SWings
32.9%
T _ E   G _ _ _ _ _ _ _ RThe Godfather
32.2%

You're not logged in!

Compare scores with friends on all Sporcle quizzes.
OR
Log In

You Might Also Like...

Show Comments

Extras

Top Quizzes Today


Score Distribution

Your Account Isn't Verified!

In order to create a playlist on Sporcle, you need to verify the email address you used during registration. Go to your Sporcle Settings to finish the process.

Report this User

Report this user for behavior that violates our Community Guidelines.

Details: